Bhutan Journal of Management : (Record no. 8959)

MARC details
000 -LEADER
fixed length control field 00387nam a22001097a 4500
008 - FIXED-LENGTH DATA ELEMENTS--GENERAL INFORMATION
fixed length control field 220430b |||||||| |||| 00| 0 eng d
245 ## - TITLE STATEMENT
Title Bhutan Journal of Management :
Remainder of title an open access peer- reviewed management journal
Statement of responsibility, etc. volume 2 Number 1
260 ## - PUBLICATION, DISTRIBUTION, ETC.
Place of publication, distribution, etc. Thimphu :
Name of publisher, distributor, etc. Royal Institute of Management,
Date of publication, distribution, etc. 2022.
300 ## - PHYSICAL DESCRIPTION
Extent ii, 164 p.
Dimensions 21 cm.
650 ## - SUBJECT ADDED ENTRY--TOPICAL TERM
Topical term or geographic name entry element Bhutan Journal of Management
942 ## - Added entry Elements (Koha)
Source of classification or shelving scheme Dewey Decimal Classification
Holdings
Withdrawn status Lost status Source of classification or shelving scheme Damaged status Not for loan Collection code Home library Current library Shelving location Date acquired Serial Enumeration / chronology Total Checkouts Full call number Barcode Date last seen Price effective from Koha item type
    Dewey Decimal Classification     Periodicals RTC Library RTC Library Periodicals 30/04/2022 16371   Periodical Serials 30015409 30/04/2022 30/04/2022 Periodicals
    Dewey Decimal Classification     Periodicals RTC Library RTC Library Periodicals 30/04/2022 16370   Periodical Serials 30015370 30/04/2022 30/04/2022 Periodicals
    Dewey Decimal Classification     Periodicals RTC Library RTC Library Periodicals 30/04/2022 16369   Periodical Serials 30015187 30/04/2022 30/04/2022 Periodicals
Royal Thimphu College || All Right Reserved